| 000 | 00487nam a2200181Ia 4500 | ||
|---|---|---|---|
| 001 | 1674 | ||
| 005 | 20260306143745.0 | ||
| 008 | 260306t2014||||xx |||||||||||||| ||spa|| | ||
| 041 | _aESP | ||
| 082 |
_a153.93 _bK21 |
||
| 100 |
_aKaneko Aguilar, Juan José _eAUT |
||
| 245 | 0 |
_aTest de las dos personas trabajando (T2PT): _bpropuesta de un sistema de codificación |
|
| 260 | _c2014 | ||
| 300 |
_a182 páginas : _c22 cm. |
||
| 650 | _aGEN | ||
| 654 | _aCPS | ||
| 942 |
_cLIB _dJUS _fJUS _2ddc _n |
||
| 999 |
_c1674 _d1674 |
||